Statistics for U.S. States With Highest % of Millionaires

Click here to take the quiz!

General Stats

  • This quiz has been taken 77 times
  • The average score is 8 of 10

Answer Stats

% State % Correct
7.70Maryland
90%
7.30Connecticut
90%
7.24New Jersey
89%
6.81Massachusetts
85%
6.73Virginia
79%
7.25Hawaii
77%
6.80New Hampshire
77%
6.85Alaska
75%
6.38Delaware
72%
6.00Minnesota
54%

Score Distribution

Percentile by Number Answered

Percent of People with Each Score

Your Score History

You have not taken this quiz